[Event "Berlin Lichtenberger op 9th"]
[Site "Berlin"]
[Date "2010.08.14"]
[Round "8"]
[White "Fuchs, Joerg"]
[Black "Koppitz, Sebastian"]
[Result "1-0"]
[WhiteElo "1873"]
[BlackElo "1059"]
[PlyCount "47"]
[EventDate "2010.08.07"]
[EventType "swiss"]
[EventRounds "9"]
[EventCountry "GER"]
[SourceTitle "CBM 137 Extra"]
[Source "ChessBase"]
[SourceDate "2010.09.01"]
[SourceVersion "1"]
[SourceVersionDate "2010.09.01"]
[SourceQuality "1"]

1. e4 c5 2. Nf3 d6 3. Bb5+ Bd7 4. Bxd7+ Qxd7 5. c4 Nc6 6. Nc3 Nf6 7. d4 cxd4 8. Nxd4 g6 9. 0-0 Bg7 10. Nde2 0-0 11. f3 Rfc8 12. b3 a6 13. a4 Qc7 14. Kh1 Nb4 15. Rb1 Nd7 16. Ba3 Qb6 17. Bxb4 Qxb4 18. Nd5 Qc5 19. Nxe7+ Kf8 20. Nxc8 Rxc8 21. Qd5 Qxd5 22. exd5 Re8 23. Ng3 Bd4 24. Ne4 1-0

[Event "Berlin-ch U18 final"]
[Site "Berlin"]
[Date "2010.02.06"]
[Round "6.5"]
[White "Hintze, Emanuel"]
[Black "Koppitz, Sebastian"]
[Result "1-0"]
[WhiteElo "1476"]
[BlackElo "895"]
[PlyCount "89"]
[EventDate "2010.02.01"]
[EventType "swiss"]
[EventRounds "7"]
[EventCountry "GER"]
[SourceTitle "EXT 2022"]
[Source "ChessBase"]
[SourceDate "2021.10.06"]
[SourceVersion "1"]
[SourceVersionDate "2021.10.06"]
[SourceQuality "1"]

1. e4 c5 2. Nf3 d6 3. d4 cxd4 4. Nxd4 Nf6 5. Nc3 g6 6. Nd5 Bg7 7. Nxf6+ Bxf6 8. Be3 Nc6 9. Nxc6 bxc6 10. Bd4 Qa5+ 11. c3 Bxd4 12. Qxd4 0-0 13. Be2 Rb8 14. Qd2 Bd7 15. 0-0 Rb7 16. h4 Rfb8 17. b4 Qc7 18. h5 c5 19. hxg6 hxg6 20. a3 a5 21. Rfb1 Bb5 22. Bxb5 Rxb5 23. g3 cxb4 24. axb4 Kg7 25. Kg2 axb4 26. cxb4 Qc4 27. Qe3 Rxb4 28. Re1 Qd4 29. Qg5 Qf6 30. Qe3 Rb2 31. Rad1 R8b3 32. e5 dxe5 33. Qxe5 Rxf2+ 34. Kg1 Rxg3+ 35. Qxg3 Rf5 36. Rf1 Qb6+ 37. Kg2 Qc6+ 38. Kg1 Qb6+ 39. Rf2 f6 40. Kf1 Qb5+ 41. Qd3 Qxd3+ 42. Rxd3 Rb5 43. Re2 e5 44. Rd7+ Kh6 45. Rd6 1-0

[Event "Berlin-ch U18 final"]
[Site "Berlin"]
[Date "2010.02.03"]
[Round "3.4"]
[White "Koppitz, Sebastian"]
[Black "Kather, Yannick"]
[Result "0-1"]
[WhiteElo "895"]
[BlackElo "1624"]
[PlyCount "28"]
[EventDate "2010.02.01"]
[EventType "swiss"]
[EventRounds "7"]
[EventCountry "GER"]
[SourceTitle "EXT 2022"]
[Source "ChessBase"]
[SourceDate "2021.10.06"]
[SourceVersion "1"]
[SourceVersionDate "2021.10.06"]
[SourceQuality "1"]

1. e4 e5 2. Nf3 Nc6 3. d4 exd4 4. Nxd4 Nxd4 5. Qxd4 d6 6. Nc3 Nf6 7. Bg5 Be7 8. Nd5 Nxd5 9. Bxe7 Nxe7 10. Qxg7 Ng6 11. Bc4 Qe7 12. 0-0-0 Be6 13. Bxe6 fxe6 14. Qxe7+ Nxe7 0-1